000 00637nam a2200181Ia 4500
008 151202s9999||||xx |||||||||||||| ||und||
082 _bPNVM-17444
100 _aअनु:-वेलदे रमाकांत.
245 _aतेजस्वी तरुणी.
260 _bदेशमुख आणि कंपनी.पुणे.
260 _c1955
300 _a4
600 _aअनु:-वेलदे रमाकांत.
630 _aतेजस्वी तरुणी.
700 _aअनु:-वेलदे रमाकांत.
730 _aतेजस्वी तरुणी.
942 _cBOOK
999 _c1283429
_d1283426